000 00993nam a2200241Ia 4500
999 _c3332
_d3332
003 OSt
005 20200407170646.0
008 191128s9999 xx 000 0 und d
040 _aCO-JMCR
_cCO-JMCR
041 0 _aspa
082 0 4 _a291.1 /
_bA693
100 1 _aRoberto Cadavid Misas
_eautor
_92713
245 1 0 _aCursillo de mitología Argos /
_cRoberto Cadavid Misas
260 _aBogotá :
_bCarrera 7a.,
_c2000
300 _a262 páginas
300 _b Ilustraciones en balco y negro
_c21 cm.
500 _aIncluye tabla de contenido.
505 _aJúpiter -- minerva -- lo, argós -- europa -- leda -- dánae perseo -- perseo -- teseo -- dédalo -- hipólito -- icaro-- faetón -- hércules -- psique y cupido -- jacinto, cipariso, ganimedes, narciso -- edipo -- prometeo -- pandora -- los argonautas --
650 1 4 _aMitología clásica
_xAnécdotas
_92714
650 2 4 _aMitología clásica
_xchistes
_92715
650 2 4 _aMitología clásica
_xsátiras
_92716
942 _2ddc
_cBK